Dalit struggle for self liberation / (Record no. 90046)

MARC details
000 -LEADER
fixed length control field 00611nam a22001937a 4500
005 - DATE AND TIME OF LATEST TRANSACTION
control field 20141127153048.0
010 ## - LCCN (DPL NO)
LC control number ENG-111232
020 ## - INTERNATIONAL STANDARD BOOK NUMBER
International Standard Book Number 9789350532584
Terms of availability 850.00
035 ## - SYSTEM CONTROL NUMBER
System control number EN-94764
037 ## - SOURCE OF ACQUISITION
Source of stock number/acquisition DBAD/PUB
082 ## - DEWEY DECIMAL CLASSIFICATION NUMBER
Classification number 305.56880954
100 ## - MAIN ENTRY--PERSONAL NAME
Personal name Thakur, Sanjeet
245 ## - TITLE STATEMENT
Title Dalit struggle for self liberation /
Statement of responsibility, etc by Sanjeet Thakur
260 ## - PUBLICATION, DISTRIBUTION, ETC. (IMPRINT)
Place of publication, distribution, etc New Delhi
Name of publisher, distributor, etc Cyber Tech Publications
Date of publication, distribution, etc 2014
270 ## - ADDRESS
Address 4264/3, Ansari Road, Darya Ganj
City New Delhi
Postal code 110002
300 ## - PHYSICAL DESCRIPTION
Extent vii, 248p.
Dimensions 22cm(Hb)
500 ## - GENERAL NOTE
General note Includes bibliographical references
942 ## - ADDED ENTRY ELEMENTS (KOHA)
Source of classification or shelving scheme Dewey Decimal Classification
Item type English Books
Call number suffix THA
Classification part 305.56880954
Holdings
Withdrawn status Lost status Not for loan Collection code Home library Current library Date acquired Source of acquisition Cost, normal purchase price Full call number Barcode Copy number Cost, replacement price Koha item type
    Not For Loan Non-fiction D.B.Act.Division D.B.Act.Division 14/11/2014 DBAD/PUB 850.00 305.56880954 THA EN-94764 1 850.00 English Books

© Delhi Public Library
Hit Counter
free hit counter